| 000 | 00568nam a2200193 a 4500 | ||
|---|---|---|---|
| 001 | 5902 | ||
| 003 | CDMR | ||
| 005 | 20171114132136.0 | ||
| 008 | 130220s2010||||||||||||||||||||||||||||d | ||
| 020 | _a9788496642621 | ||
| 040 |
_aCDMR _bcat _cCDMR |
||
| 100 | 1 |
_aSentís, Carles _9107 |
|
| 245 | 1 | 0 |
_aCien años de sociedad _b: recuerdos de un periodista centenario _cCarles Sentís |
| 260 |
_aBarcelona _bLa Vanguardia Ediciones _c2010 |
||
| 300 |
_a219 p ; _c20 cm |
||
| 490 | 0 | _aLibros de Vanguardia | |
| 650 | 0 | 4 |
_aPeriodistes catalans _vBiografia _93139 |
| 942 |
_cMON _2udc |
||
| 999 |
_c5902 _d5902 |
||